| 000 | 00803cab a2200217 4500 | ||
|---|---|---|---|
| 001 | ABS59719 | ||
| 008 | 090401t1998 xxu||||| |||| 00| 0 eng d | ||
| 035 | _a(Sirsi) u89919 | ||
| 041 | _aeng | ||
| 245 | _aRTPI critical that White Paper proposes few restraints on car usage | ||
| 260 | _c1998 | ||
| 350 | _a0 | ||
| 490 |
_aPlanning (for the Natural and Built Environment) _v(1295) 20 November 1998, 18(1) |
||
| 520 | _aReports on the extent to which the proposals contained in the Government`s White Paper "Developing an integrated transport policy" measure up to the RTPI`s seven broad objectives for an integrated transport policy. | ||
| 650 | _aPROPOSALS | ||
| 650 | _aRTPI | ||
| 650 | _aTRANSPORT WHITE PAPER | ||
| 690 | _aPLANNING LAW AND PRACTICE | ||
| 942 | _n0 | ||
| 948 | _c25/11/1998 | ||
| 999 |
_c56931 _d56931 |
||